• 首页
  • 本馆介绍
  • 公告通知
  • 最新文献
  • 馆藏检索
  • 电子资源
  • 读者导购
  • 参考咨询
  • 我的图书馆
  • 登录
  • 详细信息显示
  • 放入我的书架
  • 预约/预借图书
  • 作者相关作品
  • 分类相关作品
  • 丛书相关作品
  • 出版社相关作品

书目信息

  • 表格格式
  • 工作单格式
  • 卡片格式
题名:
美国陆军组织管理体制
    
 
作者: 李健 , 付建明 编
分册:   法律、民事与公共事务
出版信息: 北京   航空工业出版社  2016
页数: 226页
开本: 24cm
丛书名: 美国陆军组织管理体制丛书
单 册:
中图分类: E712.51
科图分类:
主题词: 陆军--军事管理--管理体制--研究--美国
电子资源:
ISBN: 978-7-5165-0932-6
000 00894oam2 2200265 450
001 351634
005 20161017103750.72
010    @a978-7-5165-0932-6@dCNY78.00
100    @a20160421d2016 em y0chiy50 ea
101 0  @achi
102    @aCN@b110000
105    @ay z 000yy
106    @ar
200 1  @a美国陆军组织管理体制@i法律、民事与公共事务@f李健, 付建明编
210    @a北京@c航空工业出版社@d2016
215    @a226页@d24cm
225 2  @a美国陆军组织管理体制丛书
330    @a本书介绍了美国陆军组织管理体制中有关法律、民事与公共事务的内容。具体涵盖法律事务的管理、陆军部的民事职能、公共事务、面向民政当局的国防支援等。
461  0 @12001 @a美国陆军组织管理体制丛书
606 0  @a陆军@x军事管理@x管理体制@x研究@y美国
690    @aE712.51@v5
701  0 @a李健@f(1967~)@4编
701  0 @a付建明@c(军事管理)@4编
801  0 @aCN@bTANGWEI@c20160820
905    @b0895710-3@dE712.51@e92@f4
    
    美国陆军组织管理体制.法律、民事与公共事务/李健, 付建明编.-北京:航空工业出版社,2016
    226页;24cm.-(美国陆军组织管理体制丛书)
    
    
    ISBN 978-7-5165-0932-6:CNY78.00
    本书介绍了美国陆军组织管理体制中有关法律、民事与公共事务的内容。具体涵盖法律事务的管理、陆军部的民事职能、公共事务、面向民政当局的国防支援等。
●
相关链接 在E读中查询图书 在五车中查询图书 在当当中查询图书 在豆瓣中查询图书


正题名:美国陆军组织管理体制     索取号:E712.51/92         预约/预借

序号 登录号 条形码 馆藏地/架位号 状态 备注
1 0895710   208957100   第一样本阅览室/ [索取号:E712.51/92] 在馆    
2 0895711   208957119   密集书库-史法系/ [索取号:E712.51/92] 在馆    
3 0895712   208957128   第一借阅区/ [索取号:E712.51/92] 在馆    
4 0895713   208957137   第一借阅区/ [索取号:E712.51/92] 在馆    
唐山师范学院图书馆 欢迎您!
大连网信软件有限公司© 版权所有